000 01014nam a2200265Ia 4500
003 OSt
005 20221005104015.0
006 a|||||r|||| 00| 0
007 ta
008 221004b |||||||| |||| 00| 0 hin d
020 _a9788193349960 (hbk)
_cINR 695.00
024 _a66390
037 _bGV719, 09/03/2020, Vani Prakashan
_cTextual
040 _aCRL
_cCRL
_bhin
041 _2hin
_ahin
082 _aW691xM18:g, 152Q8
100 _aनंबूदिरिपाद, ई. एम. एस., ले.
_9623742
245 0 _aमै कम्युनिस्ट कैसे बना
246 _aMai kamyunisṭa kaise banā
260 _aदिल्ली
_bग्रंथ शिल्पी भारत
_c2018
300 _a230पृ0
_ccm.
650 _aभारतीय राजनीति
942 _hW691xM18:g, 152Q8
_cTEXL
_2cc
999 _c1011476
_d1011476